000 00704nam a2200265Ia 4500
001 5177
005 20240113233820.0
007 ta
008 050617s1945 a g b000 u hin u
020 _cHB
040 _aCotton College Assam
041 _ahin
082 _a891.43209
_bT 155 P
100 _aTandan, Prem Narayan .
245 0 _aPrasad Ji Ke Tin Natak /
_cPrem Narayan Tandan.
_hTextual Documents
250 _a1st ed /
260 _aAllahabad :
_bRamnarayan Lal ,
_c1945.
300 _a149p. :
_bill ;
_c18cm. .
653 _aHindi drama-Collections
653 _aHindi drama-Criticism
653 _aGen-Hindi
942 _2ddc
_cBK
999 _c5164
_d5164